[Event "EU Ch U20"]
[Site "Arnhem NED"]
[Date "1989.??.??"]
[Round "?"]
[White "Luther, Thomas"]
[Black "Topalov, Veselin"]
[Result "1-0"]
[WhiteElo "2410"]
[BlackElo "2460"]

1.e4 c5 2.Cf3 d6 3.d4 cxd4 4.Cxd4 Cf6 5.Cc3 a6 6.Fg5 e6 7.f4 Fe7 8.Df3 h6 
9.Fh4 Cbd7 10.O-O-O Dc7 11.Fe2 g5 12.fxg5 Ce5 13.De3 Ch7 14.Cf3 hxg5 15.
Fg3 Fd7 16.Dd4 f6 17.Cxe5 fxe5 18.Fh5+ Rd8 19.Dd3 Dc6 20.Thf1 Cf6 21.Fe2 
b5 22.a3 Tb8 23.De3 a5 24.b4 axb4 25.axb4 Tc8 26.Td3 Da6 27.Rb2 Ta8 28.Cb1
Dc6 29.Cd2 Ta4 30.Tb3 Tg8 31.Cb1 d5 32.exd5 Cxd5 33.Dxe5 Ta8 34.Cc3 Cb6 
35.Fxb5 Cc4+ 36.Fxc4 Dxc4 37.Td1 Fxb4 38.Dc7+ Dxc7 39.Fxc7+ Rxc7 40.Txb4 
Fc6 41.Cb5+ Rc8 42.Td2 Tb8 43.Ca7+ Rc7 44.Cxc6 Rxc6 45.Txb8 Txb8+ 46.Rc3 
e5 47.Rd3 Rd5 48.c4+ Re6 49.Ta2 Tb1 50.Tc2 Tb3+ 51.Re4 Tb4 52.Rf3 Rf5 53.
c5 Tf4+ 54.Re2 Te4+ 55.Rf1 Re6 56.c6 Tf4+ 57.Re2 Tf8 58.Re3 Rd6 59.c7 1-0

[Event "EU Ch U20"]
[Site "Arnhem NED"]
[Date "1989.??.??"]
[Round "?"]
[White "Hracek, Zbynek"]
[Black "Topalov, Veselin"]
[Result "1/2-1/2"]
[WhiteElo "2390"]
[BlackElo "2460"]

1.c4 e5 2.Cc3 Cf6 3.g3 d6 4.Fg2 c6 5.Cf3 Fe7 6.O-O O-O 7.Dc2 Fg4 8.h3 Fe6 
9.b3 Dc8 10.Rh2 Cfd7 11.d4 f6 12.Fa3 Dc7 13.Tad1 Te8 14.Ch4 Da5 15.Fb2 
exd4 16.Txd4 f5 17.Tfd1 Ca6 18.a3 g6 19.Dd2 Dc7 20.b4 Ce5 21.f4 Cf7 22.e4 
Ff6 23.Te1 Tad8 24.Df2 Ch6 25.Td2 Dg7 26.Cd1 Fxc4 27.Dxa7 fxe4 28.Fxf6 
Dxf6 29.Dxb7 d5 30.Db6 Tb8 31.De3 Cc7 32.Cb2 Fb5 33.Tc1 Cf7 34.a4 Fd3 35.
Cxd3 exd3 36.Dxd3 Txb4 37.a5 Ta4 38.Tdc2 Cd8 39.Cf3 Txa5 40.Ce5 Te6 41.Dd4
Tb5 42.Da7 Tb7 43.Da5 Td6 44.Da4 Tb5 45.Ff1 Tb6 46.Dd4 Tb3 47.Da4 Tb6 48.
Da5 Tb7 49.Te1 Te6 50.Tce2 Cf7 51.h4 Cxe5 52.fxe5 Df3 53.Fg2 Dd3 54.Tf2 
Te8 55.Dc5 Tb3 56.Tf3 Db5 57.Dd6 Txf3 58.Fxf3 Ce6 59.Dd7 Cg7 60.e6 Dc5 61.
Df7+ Rh8 62.e7 Df2+ 63.Rh3 h5 1/2-1/2

[Event "EU Ch U20"]
[Site "Arnhem NED"]
[Date "1989.??.??"]
[Round "?"]
[White "Claesen, Pieter"]
[Black "Topalov, Veselin"]
[Result "1/2-1/2"]
[WhiteElo "2260"]
[BlackElo "2460"]

1.c4 e5 2.Cc3 Cc6 3.Cf3 g6 4.d4 exd4 5.Cxd4 Fg7 6.Cxc6 bxc6 7.g3 Ce7 8.Fg2
O-O 9.O-O d6 10.Dd2 Fe6 11.b3 Dd7 12.Fb2 f5 13.f4 Rh8 14.Tad1 Cg8 15.e4 
Tad8 16.Df2 fxe4 17.Cxe4 Fg4 18.Tde1 c5 19.h3 Ff5 20.g4 Fxe4 21.Txe4 Tde8 
22.Tfe1 Txe4 23.Txe4 Ff6 24.De2 Dg7 25.Fxf6 Dxf6 26.Ff3 c6 27.Rg2 1/2-1/2

[Event "EU Ch U20"]
[Site "Arnhem NED"]
[Date "1989.??.??"]
[Round "?"]
[White "Topalov, Veselin"]
[Black "Pedzich, Dominik"]
[Result "1/2-1/2"]
[WhiteElo "2460"]
[BlackElo "2365"]

1.d4 Cf6 2.c4 g6 3.Cc3 Fg7 4.e4 d6 5.Fe2 O-O 6.Fg5 h6 7.Fe3 c5 8.d5 e6 9.
Dd2 exd5 10.cxd5 Te8 11.f3 Cbd7 12.Ch3 Ce5 13.Cf2 Rh7 14.O-O a6 15.a4 Tb8 
16.Tfb1 Da5 17.Dd1 g5 18.Dc2 Cfd7 19.Cfd1 Cg6 20.Ff2 Fd4 21.g3 Cde5 22.Ce3
Dd8 23.Cf5 Fxf2+ 24.Rxf2 Df6 25.b4 Ce7 26.Cxe7 Txe7 27.Rg2 cxb4 28.Txb4 
Tc7 29.Tc1 Fd7 30.Db2 Cg6 31.a5 Fe8 32.Dd2 Tbc8 33.Ca2 Txc1 34.Cxc1 Tc7 
35.Cb3 Ce5 36.Cd4 Fd7 37.Tb3 Fc8 38.Tc3 Dd8 39.Dc1 Txc3 40.Dxc3 Fd7 41.Cc2
1/2-1/2

[Event "EU Ch U20"]
[Site "Arnhem NED"]
[Date "1989.??.??"]
[Round "?"]
[White "Topalov, Veselin"]
[Black "Norri, Joose"]
[Result "1-0"]
[WhiteElo "2460"]
[BlackElo "2370"]

1.d4 g6 2.e4 Fg7 3.Cf3 d6 4.Cc3 a6 5.a4 Cf6 6.Fe2 O-O 7.O-O e5 8.dxe5 dxe5
9.Fg5 De8 10.Dd2 Fg4 11.Fxf6 Fxf6 12.Cd5 Fd8 13.Ta3 Cc6 14.Fc4 Rg7 15.Td3 
h6 16.c3 Ca5 17.Fa2 b5 18.De3 Tb8 19.axb5 Fxf3 20.Dxf3 axb5 21.Tfd1 Cc4 
22.De2 c6 23.Cb4 Fa5 24.Td7 Fxb4 25.cxb4 De6 26.Fb3 Tfc8 27.h3 c5 28.bxc5 
Txc5 29.Ta7 Tc6 30.Tdd7 Tf8 31.Td5 Tb8 32.Rh2 Ta6 33.Txb5 Txb5 34.Txa6 
Dxa6 35.Fxc4 1-0

[Event "EU Ch U20"]
[Site "Arnhem NED"]
[Date "1989.??.??"]
[Round "?"]
[White "Topalov, Veselin"]
[Black "Fogarasi, Tibor"]
[Result "1/2-1/2"]
[WhiteElo "2460"]
[BlackElo "2395"]

1.d4 d5 2.c4 e6 3.Cf3 Cf6 4.Fg5 Fb4+ 5.Cc3 dxc4 6.e4 c5 7.Fxc4 cxd4 8.Cxd4
Fxc3+ 9.bxc3 Da5 10.Fxf6 Dxc3+ 11.Rf1 gxf6 12.Tc1 Da5 13.h4 Re7 14.Th3 Cc6
15.Cxc6+ bxc6 16.Td3 Tb8 17.Rg1 Tb4 18.Dd2 Ta4 19.De3 Td8 20.Fb3 Txd3 21.
Dxd3 Da6 22.De3 Ta5 23.Td1 1/2-1/2

[Event "EU Ch U20"]
[Site "Arnhem NED"]
[Date "1989.??.??"]
[Round "?"]
[White "Topalov, Veselin"]
[Black "Anagnostopoulos, Dimitri"]
[Result "1-0"]
[WhiteElo "2460"]
[BlackElo "2375"]

1.d4 Cf6 2.c4 g6 3.Cc3 Fg7 4.e4 d6 5.Cf3 O-O 6.Fe2 e5 7.O-O Cc6 8.d5 Ce7 
9.Ce1 Cd7 10.Cd3 f5 11.Fd2 c5 12.Tb1 Cf6 13.f3 f4 14.b4 b6 15.bxc5 bxc5 
16.Da4 g5 17.Cd1 a5 18.Db3 Cg6 19.Cc3 De7 20.Ca4 Fd7 21.Cb6 Tab8 22.Dc2 
Txb6 23.Txb6 g4 24.Tb7 g3 25.h3 Dd8 26.Tfb1 Ch4 27.Ce1 Fc8 28.Tb8 Dd7 29.
Ff1 h5 30.Fxa5 Ch7 31.Fc3 Cg5 32.a4 Ff6 33.a5 Rf7 34.T1b6 Tg8 35.a6 Fe7 
36.Txc8 Dxc8 37.Da2 Cxh3+ 38.gxh3 g2 39.Fxg2 Dxh3 40.a7 Txg2+ 41.Dxg2 Cxg2
42.Cxg2 Dxf3 43.a8=D Dxc3 44.Dh8 1-0

[Event "EU Ch U20"]
[Site "Arnhem NED"]
[Date "1989.??.??"]
[Round "?"]
[White "Stefansson, Hannes"]
[Black "Topalov, Veselin"]
[Result "1/2-1/2"]
[WhiteElo "2470"]
[BlackElo "2460"]

1.e4 e6 2.d4 d5 3.Cc3 Fb4 4.e5 Dd7 5.Fd2 b6 6.Fb5 c6 7.Fa4 a5 8.a3 Fxc3 9.
Fxc3 Fa6 10.Dg4 f5 11.Dg3 Df7 12.Fd2 Ce7 13.Ch3 h6 14.c3 Fc4 15.Fd1 a4 16.
Cf4 g6 17.h4 Cd7 18.Cd3 Rd8 19.Fc2 Rc7 20.O-O-O Fb3 21.Fxb3 axb3 22.Rb1 c5
23.dxc5 bxc5 24.c4 dxc4 25.Cf4 Thd8 26.Fc3 Cc6 27.Td6 Cf8 28.De3 Txd6 29.
exd6+ Rb6 30.Te1 e5 31.Fxe5 g5 32.hxg5 hxg5 33.Ch3 Dg6 34.f4 g4 35.Cf2 Te8
36.Dc3 Df7 37.Cd1 Cd7 38.Ce3 Ccxe5 39.fxe5 Txe5 40.Td1 Te4 41.Cd5+ Ra6 42.
Cc7+ Rb6 43.Dh8 Df8 44.Cd5+ Rc6 45.Ce7+ Rb5 46.Dh7 c3 47.bxc3 Te2 48.Cxf5 
Cb6 49.Cd4+ cxd4 50.Dd3+ Cc4 51.a4+ Ra5 52.Dxe2 Df5+ 53.Ra1 b2+ 54.Ra2 Dc5
55.d7 Da3+ 56.Rb1 Da1+ 57.Rc2 Dxa4+ 58.Rd3 Dxd7 59.cxd4 Db5 60.De1+ Ra4 
61.Re4 Cd6+ 62.Re3 Dg5+ 63.Rf2 g3+ 64.Rf3 Df5+ 65.Rxg3 Ce4+ 66.Rh2 Dh5+ 
67.Rg1 Cc3 68.Ta1+ bxa1=D 69.Dxa1+ Rb3 70.De1 Rc2 71.Df2+ Rd1 72.Df3+ Ce2+
73.Rf2 Dh4+ 74.g3 Dxd4+ 75.De3 Dc4 76.De5 Cd4 77.De1+ Rc2 78.De4+ 1/2-1/2

[Event "EU Ch U20"]
[Site "Arnhem NED"]
[Date "1989.??.??"]
[Round "?"]
[White "Stangl, Markus"]
[Black "Topalov, Veselin"]
[Result "0-1"]
[WhiteElo "2375"]
[BlackElo "2460"]

1.Cf3 f5 2.c4 Cf6 3.g3 g6 4.Fg2 Fg7 5.O-O O-O 6.d4 d6 7.Cc3 c6 8.d5 Fd7 9.
Tb1 Ca6 10.b4 De8 11.dxc6 bxc6 12.b5 cxb5 13.cxb5 Cc5 14.Cd4 Cfe4 15.Cxe4 
Cxe4 16.Db3+ Df7 17.Fe3 Dxb3 18.Txb3 Tfc8 19.Tb4 d5 20.Td1 e5 21.Cb3 d4 
22.Fxe4 fxe4 23.Cc1 dxe3 0-1

[Event "BUL Ch"]
[Site "Sofia BUL"]
[Date "1989.??.??"]
[Round "10"]
[White "Topalov, Veselin"]
[Black "Georgiev, Krum"]
[Result "1/2-1/2"]
[WhiteElo "2395"]
[BlackElo "2485"]

1.d4 Cf6 2.c4 g6 3.Cc3 Fg7 4.e4 d6 5.Cf3 O-O 6.Fe2 e5 7.O-O Cc6 8.Fe3 Cg4 
9.Fg5 Ff6 10.Fxf6 Cxf6 11.d5 Ce7 12.c5 Ch5 13.cxd6 cxd6 14.Ce1 Cf4 15.Cd3 
Cxe2+ 16.Dxe2 Db6 17.Rh1 Fd7 18.f4 f6 19.fxe5 fxe5 20.Cf2 Rg7 21.Tab1 Tf7 
22.Cg4 Taf8 23.Txf7+ Txf7 24.Ce3 Dc5 25.Tf1 Txf1+ 26.Cxf1 b5 27.De3 b4 28.
Dxc5 dxc5 29.Cd1 Cc8 30.Cd2 Cd6 31.b3 Cb5 32.Cb2 Cc3 33.Cd3 Rf6 34.Cxc5 
Fb5 35.d6 Cxa2 36.Cf3 Cc3 37.h4 a5 38.g4 a4 1/2-1/2

[Event "Wch U16"]
[Site "Singapore SIN"]
[Date "1990.??.??"]
[Round "?"]
[White "Topalov, Veselin"]
[Black "Miladinovic, Igor"]
[Result "1-0"]
[WhiteElo "2495"]
[BlackElo "2360"]

1.e4 c5 2.Cf3 e6 3.d4 cxd4 4.Cxd4 Cc6 5.Cc3 a6 6.Fe2 Dc7 7.O-O Cf6 8.Fe3 
Fe7 9.f4 d6 10.De1 O-O 11.Dg3 Fd7 12.Cf3 b5 13.e5 Ce8 14.Tad1 f5 15.exf6 
Cxf6 16.Cg5 d5 17.Dh3 h6 18.Cxe6 Dc8 19.f5 Fxe6 20.fxe6 d4 21.Fxh6 dxc3 
22.Fxg7 Rxg7 23.Tf5 Ch7 24.Th5 Cg5 25.Dxc3+ Rg6 26.Td7 Tf5 27.g4 Cd4 28.
Dxd4 1-0

[Event "Wch U16"]
[Site "Singapore SIN"]
[Date "1990.??.??"]
[Round "?"]
[White "Topalov, Veselin"]
[Black "Votava, Jan"]
[Result "1/2-1/2"]
[WhiteElo "2495"]
[BlackElo "2340"]

1.d4 Cf6 2.Cf3 c5 3.d5 b5 4.Fg5 Ce4 5.Fh4 Da5+ 6.c3 b4 7.Dc2 bxc3 8.Cxc3 
Cxc3 9.Dxc3 Dxc3+ 10.bxc3 Fa6 11.e4 d6 12.Rd2 e5 13.Fxa6 Cxa6 14.Tab1 c4 
15.Rc2 Cc5 16.Cd2 Fe7 17.Fxe7 Rxe7 18.Tb4 g6 19.Txc4 f5 20.Tb1 Tac8 21.f3 
h5 22.Tbb4 a5 23.Tb1 a4 24.Te1 f4 25.Tb4 g5 26.Cc4 g4 27.Cb2 Thg8 28.Te2 
gxf3 29.gxf3 Tg1 30.Cxa4 Ta8 31.Cxc5 Txa2+ 32.Rd3 Td1+ 33.Rc4 Txe2 34.Tb7+
Re8 35.Tb8+ Rf7 36.Tb7+ Re8 37.Tb8+ Rf7 38.Tb7+ Rg6 39.Tb6 Te3 40.Txd6+ 
Rg5 41.Te6 Txf3 42.d6 Te3 43.Txe5+ Rg4 44.d7 f3 45.h3+ Rg3 46.Td5 Txd5 47.
Rxd5 Te1 48.Ce6 f2 49.d8=D Td1+ 50.Cd4 f1=D 51.Dg5+ Rh2 52.h4 Db5+ 53.Rd6 
1/2-1/2

[Event "Wch U16"]
[Site "Singapore SIN"]
[Date "1990.??.??"]
[Round "?"]
[White "Zoler, Dan"]
[Black "Topalov, Veselin"]
[Result "1-0"]
[WhiteElo "2275"]
[BlackElo "2495"]

1.d4 Cf6 2.c4 d6 3.Cc3 Cbd7 4.g3 e5 5.e3 g6 6.Fg2 Fg7 7.Cge2 O-O 8.O-O Te8
9.b3 c6 10.Dc2 Da5 11.Fb2 Cf8 12.a3 h5 13.b4 Dc7 14.Tfe1 C8h7 15.Tad1 Cg5 
16.f3 Ch3+ 17.Rf1 h4 18.dxe5 dxe5 19.Cg1 Cxg1 20.Rxg1 Ff5 21.e4 Fe6 22.c5 
Ch5 23.Df2 hxg3 24.hxg3 Fb3 25.Td3 Tad8 26.Cb5 cxb5 27.Txb3 Fh6 28.Fc3 Dd7
29.Ff1 a6 30.Tbb1 Fd2 31.Ted1 Fxc3 32.Txd7 Txd7 33.Dc2 Fd4+ 34.Rg2 Fe3 35.
Td1 Ted8 36.Txd7 Txd7 37.Dc3 Fd4 38.c6 Td8 39.Dc2 bxc6 40.Dxc6 Fe3 41.Dc3 
Fd4 42.Dc7 Te8 43.Fd3 Ta8 44.Fb1 Ta7 45.Dd8+ Rg7 46.f4 Cf6 47.Rf3 Cd7 48.
Fa2 Fb2 49.De7 1-0

[Event "Wch U16"]
[Site "Singapore SIN"]
[Date "1990.??.??"]
[Round "?"]
[White "Liss, Eran"]
[Black "Topalov, Veselin"]
[Result "1-0"]
[WhiteElo "2300"]
[BlackElo "2495"]

1.e4 e6 2.d4 d5 3.Cd2 Cc6 4.Cgf3 Cf6 5.e5 Cd7 6.Cb3 a5 7.a4 Fe7 8.Fb5 Ccb8
9.h4 f6 10.exf6 Fxf6 11.Cg5 De7 12.f4 h6 13.Dh5+ Rf8 14.Fd3 b6 15.Fg6 Cc6 
16.c3 e5 17.O-O exd4 18.Ch7+ Txh7 19.Fxh7 Dd6 20.Te1 Fa6 21.Ff5 Cc5 22.
Cxc5 Dxc5 23.Fd7 Ce7 24.Fe6 g6 25.Dxh6+ Fg7 26.Dh7 dxc3+ 27.Fe3 d4 28.f5 
Cxf5 29.Dg8+ Re7 30.Df7+ Rd6 31.Dd7+ 1-0

[Event "Wch U16"]
[Site "Singapore SIN"]
[Date "1990.??.??"]
[Round "?"]
[White "Parker, Jonathan F"]
[Black "Topalov, Veselin"]
[Result "0-1"]
[WhiteElo "2325"]
[BlackElo "2495"]

1.d4 Cf6 2.Cf3 e6 3.c4 Fb4+ 4.Cc3 c5 5.g3 cxd4 6.Cxd4 Ce4 7.Dd3 Cxc3 8.
bxc3 Fe7 9.Fg2 O-O 10.O-O Ca6 11.Cb5 Cc5 12.Dd4 d6 13.Td1 e5 14.Dd2 Da5 
15.Fa3 Fe6 16.Fb4 Db6 17.De3 Tac8 18.Fd5 Tfd8 19.Tab1 Da6 20.Tb2 h6 21.
Tbd2 Fxd5 22.Txd5 Dxa2 23.Cxd6 Txd6 24.Txd6 Fxd6 25.Txd6 Dxc4 26.Dxe5 Ce6 
27.Td7 Dc6 28.Td6 De8 29.h4 b6 30.c4 Cf8 31.Dd4 f6 32.e3 Cg6 33.f4 Cf8 34.
Fc3 Df7 35.Td5 Dg6 36.Rh2 Dc2+ 37.Rh3 Ce6 38.Dd2 De4 39.f5 Txc4 40.Td6 De5
41.Rh2 Cc5 42.Td8+ Rh7 43.Td4 Ce4 44.Dc2 Txc3 45.Dxe4 Dxe4 46.Txe4 a5 0-1

[Event "Wch U16"]
[Site "Singapore SIN"]
[Date "1990.??.??"]
[Round "?"]
[White "Polgar, Sofia"]
[Black "Topalov, Veselin"]
[Result "0-1"]
[WhiteElo "2410"]
[BlackElo "2495"]

1.e4 e6 2.d4 d5 3.Cc3 Cc6 4.e5 f6 5.exf6 Cxf6 6.Ff4 Fd6 7.Fxd6 cxd6 8.g3 
e5 9.dxe5 dxe5 10.Fg2 d4 11.Ce4 O-O 12.Ce2 Ff5 13.Cxf6+ Dxf6 14.O-O Cb4 
15.Tc1 Tad8 16.Dd2 Cc6 17.f3 Fg6 18.Tcd1 De6 19.Cc1 Ce7 20.c3 Cf5 21.cxd4 
exd4 22.Fh3 Dd5 23.Fxf5 Txf5 24.Ce2 Txf3 25.Txf3 Dxf3 26.Cxd4 De4 27.Dc3 
Ff7 28.Td3 Fd5 29.Cf3 Tf8 30.Dd4 Fc6 31.Te3 Db1+ 32.Ce1 Df5 33.Dc4+ Rh8 
34.Df4 Dxf4 35.gxf4 Txf4 36.Cd3 Tg4+ 37.Rf1 g6 38.Ce5 Tf4+ 39.Rg1 Fe4 40.
Tc3 Rg7 41.h3 Rf6 42.Cg4+ Rg5 43.Cf2 Fc6 44.a3 h5 45.Te3 Rh4 46.Cd3 Tf5 
47.Ce5 Tg5+ 48.Rf1 Tg3 49.Te1 Rxh3 50.Cxc6 bxc6 51.Te6 g5 52.Txc6 g4 53.a4
h4 54.b4 Tb3 55.b5 g3 0-1

[Event "EU Ch U20"]
[Site "Aalborg DEN"]
[Date "1991.??.??"]
[Round "?"]
[White "Topalov, Veselin"]
[Black "Van Gisbergen, Stan"]
[Result "1/2-1/2"]
[WhiteElo "2455"]
[BlackElo "2280"]

1.e4 e5 2.Cf3 Cc6 3.Fb5 a6 4.Fa4 Cf6 5.O-O Fe7 6.Fxc6 dxc6 7.De1 Cd7 8.b3 
O-O 9.Fb2 Fd6 10.Cc3 De7 11.Td1 c5 12.Cd5 De6 13.Ce3 b5 14.d3 Fb7 15.g3 a5
16.Cg5 Dg6 17.h4 a4 18.f4 exf4 19.gxf4 h6 20.f5 Dh5 21.Ch3 axb3 22.axb3 
Ta2 23.Tb1 c4 24.Cf4 Fxf4 25.Txf4 cxd3 26.cxd3 Rh7 27.Dg3 f6 28.Tg4 Tf7 
29.Rh1 Txb2 30.Tg1 Rg8 31.Dxc7 Te2 32.Dd8+ Cf8 33.Dxf6 Dxg4 34.Cxg4 Txf6 
35.Cxf6+ Rf7 36.Ch5 Fc6 37.Txg7+ Re8 38.f6 Te3 1/2-1/2

[Event "EU Ch U20"]
[Site "Aalborg DEN"]
[Date "1991.??.??"]
[Round "?"]
[White "Holst, Allan"]
[Black "Topalov, Veselin"]
[Result "1/2-1/2"]
[WhiteElo "2300"]
[BlackElo "2455"]

1.d4 e6 2.c4 Fb4+ 3.Fd2 a5 4.g3 d6 5.Cf3 Cc6 6.Fg2 e5 7.O-O exd4 8.Cxd4 
Cxd4 9.Fxb4 axb4 10.Dxd4 Cf6 11.Cd2 O-O 12.Tfe1 De7 13.Cf1 c5 14.Dd2 Fe6 
15.Ce3 Ta6 16.a4 bxa3 17.Txa3 Tb6 18.Dc3 1/2-1/2

[Event "EU Ch U20"]
[Site "Aalborg DEN"]
[Date "1991.??.??"]
[Round "?"]
[White "Delchev, Aleksander"]
[Black "Topalov, Veselin"]
[Result "1/2-1/2"]
[WhiteElo "2360"]
[BlackElo "2455"]

1.d4 Cf6 2.Cf3 d6 3.c4 g6 4.g3 Fg7 5.Fg2 O-O 6.O-O Cbd7 7.Dc2 e5 8.Td1 Te8
9.dxe5 dxe5 10.e4 c6 11.h3 Dc7 12.c5 Ff8 13.Fe3 b6 14.b4 bxc5 15.bxc5 Da5 
16.Tc1 Fa6 17.Cbd2 Tab8 18.Cb3 Dc7 19.Cfd2 Tb4 20.Ff1 Fxf1 21.Rxf1 Teb8 
22.Rg2 Ce8 23.Cc4 T4b5 24.Tab1 Cg7 25.Cb2 Ce6 26.Cd3 Fe7 27.Tf1 Dd8 28.
Tfd1 Df8 29.a4 T5b7 30.Ca5 Txb1 31.Txb1 Txb1 32.Dxb1 Fxc5 33.Cxc5 Cexc5 
34.Db4 Ce6 35.Db7 Cdc5 36.Dxc6 Cd3 37.Cb3 Db4 38.Fh6 Db8 39.Cd2 Cd4 40.Da6
Cc5 41.Df6 Cde6 42.Cf3 Cxe4 43.De7 C4c5 44.Cxe5 Db7+ 45.Dxb7 Cxb7 46.Cc6 
f5 47.Rf3 a5 48.Fe3 Rf7 49.g4 Rf6 50.Fb6 Cbc5 51.Fxa5 Cxa4 52.Fb4 1/2-1/2

[Event "EU Ch U20"]
[Site "Aalborg DEN"]
[Date "1991.??.??"]
[Round "?"]
[White "Christensen, Tobias"]
[Black "Topalov, Veselin"]
[Result "1-0"]
[WhiteElo "2300"]
[BlackElo "2455"]

1.e4 e6 2.d4 d5 3.exd5 exd5 4.Cf3 Cc6 5.Fb5 Fd6 6.Cc3 Ce7 7.Fe3 O-O 8.Dd2 
Ff5 9.Ch4 Fe6 10.Ff4 a6 11.Fe2 f6 12.O-O-O Ca7 13.The1 Fb4 14.a3 Fa5 15.
De3 Ff7 16.Dg3 Cg6 17.Fd2 Cxh4 18.Dxh4 Fg6 19.Fh5 Fxc3 20.Fxc3 Dd7 21.Fg4 
Dc6 22.f4 Tfe8 23.Dh3 Da4 24.Fe6+ Txe6 25.Dxe6+ Ff7 26.Dh3 Cc6 27.f5 a5 
28.Dg3 Tc8 29.Td3 b5 30.Dg4 h5 31.Df3 b4 32.axb4 Cxb4 33.Fxb4 axb4 34.Te7 
Da1+ 35.Rd2 Dxb2 36.De3 Tf8 37.Tb3 Da1 38.Txb4 Df1 39.Df3 Dg1 40.Txf7 Te8 
41.Te7 1-0

[Event "EU Ch U20"]
[Site "Aalborg DEN"]
[Date "1991.??.??"]
[Round "?"]
[White "Topalov, Veselin"]
[Black "Antonsen, Mikkel"]
[Result "0-1"]
[WhiteElo "2455"]
[BlackElo "2250"]

1.e4 e6 2.d4 d5 3.Cd2 Fe7 4.Cgf3 Cf6 5.Fd3 c5 6.e5 Cfd7 7.c3 b6 8.Cf1 Fa6 
9.Fxa6 Cxa6 10.Cg3 Dc7 11.Fg5 Fxg5 12.Cxg5 cxd4 13.cxd4 Dc4 14.a3 Tc8 15.
Dh5 g6 16.Df3 O-O 17.Ce2 h6 18.Ch3 Dc2 19.b3 Cab8 20.De3 Rg7 21.O-O Cc6 
22.Tfc1 De4 23.Dxe4 dxe4 24.Chf4 Ca5 25.Tab1 Tfd8 26.Cc3 g5 27.Ch5+ Rg6 
28.g4 Cb8 29.Cb5 Txc1+ 30.Txc1 Cxb3 31.Tc4 Cd2 32.Tc7 Cf3+ 33.Rg2 Cxd4 34.
Cxd4 Txd4 35.Tc8 Cd7 36.Tg8+ Rh7 37.Td8 e3 38.fxe3 Txg4+ 39.Rf1 Rg6 40.
Txd7 Rxh5 41.Txf7 Ta4 42.Tf6 Txa3 43.Re2 Ta2+ 44.Rd3 Txh2 45.Txe6 Tf2 46.
Te8 Tf7 47.Tg8 a5 48.Re4 Ta7 49.e6 a4 50.Td8 Rg6 51.Td7 Ta8 52.Rd5 Te8 53.
Rd6 g4 54.Te7 Ta8 55.Td7 a3 56.e7 Te8 57.Re6 b5 58.Td8 Txe7+ 59.Rxe7 b4 
60.Re6 a2 61.Tg8+ Rh5 62.Ta8 b3 63.Rf5 0-1

[Event "EU Ch U20"]
[Site "Aalborg DEN"]
[Date "1991.??.??"]
[Round "?"]
[White "Topalov, Veselin"]
[Black "Ciemniak, Robert"]
[Result "1-0"]
[WhiteElo "2455"]
[BlackElo "2230"]

1.e4 c5 2.Cf3 Cc6 3.d4 cxd4 4.Cxd4 e5 5.Cb5 Cf6 6.Fg5 d6 7.Fxf6 gxf6 8.Fc4
Fe7 9.Dh5 O-O 10.O-O f5 11.exf5 d5 12.Td1 Da5 13.Txd5 De1+ 14.Ff1 De4 15.
Cc7 Tb8 16.g4 Cd4 17.Cd2 Dxc2 18.Txd4 exd4 19.Cd5 Fd8 20.Cf3 f6 21.Te1 Dc5
22.Cd2 b5 23.Fg2 Dd6 24.Ce4 Dd7 25.Cexf6+ Fxf6 26.Cxf6+ Txf6 27.Fd5+ Dxd5 
28.Te8+ Rg7 29.Dg5+ Tg6 30.f6+ Rf7 31.Te7+ Rf8 32.Dxd5 Txg4+ 33.Rf1 1-0

[Event "EU Ch U20"]
[Site "Aalborg DEN"]
[Date "1991.??.??"]
[Round "?"]
[White "Jepson, Christian"]
[Black "Topalov, Veselin"]
[Result "0-1"]
[WhiteElo "2235"]
[BlackElo "2455"]

1.e4 e6 2.d4 d5 3.Cc3 Cc6 4.Cf3 Cf6 5.e5 Ce4 6.Fd3 Fb4 7.Fd2 Cxd2 8.Dxd2 
f6 9.exf6 Dxf6 10.O-O O-O 11.Fb5 Ce7 12.Ce5 c5 13.f4 a6 14.Fd7 Td8 15.Fxc8
Taxc8 16.a3 Fa5 17.b4 cxd4 18.Ca4 Fc7 19.Cc5 Cf5 20.Tae1 b6 21.Cb3 Fxe5 
22.fxe5 Dg6 23.Tf4 Tc4 24.g4 Tdc8 25.Tc1 h5 26.h3 Tc3 27.Cxd4 Cxd4 28.Dxd4
Txh3 29.c4 Tg3+ 30.Rh1 hxg4 0-1

[Event "Politicen Cup"]
[Site "Copenhagen DEN"]
[Date "1991.??.??"]
[Round "?"]
[White "Andreasen, Per"]
[Black "Topalov, Veselin"]
[Result "1/2-1/2"]
[WhiteElo "2275"]
[BlackElo "2455"]

1.c4 g6 2.Cc3 Fg7 3.d4 Cf6 4.e4 d6 5.Cf3 O-O 6.Fe2 e5 7.dxe5 dxe5 8.Dxd8 
Txd8 9.Fg5 Tf8 10.Cd5 Cxd5 11.cxd5 c6 12.Fc4 cxd5 13.Fxd5 Cc6 14.O-O-O Fd7
15.Rb1 h6 16.Fe3 Tfd8 17.Td2 Ff8 18.Thd1 Fe8 19.Fb3 Txd2 20.Txd2 Rg7 21.
Cg1 Fe7 22.Ce2 Fg5 23.Fxg5 hxg5 24.h3 Rf8 25.Fa4 a6 26.Fxc6 Fxc6 27.Cc3 
Tc8 28.f3 Re7 29.Rc2 f5 30.Rd3 Re6 31.Re3 a5 32.a3 Fd7 33.Td5 b5 34.Td2 
Tc4 35.g4 Fc6 36.gxf5+ gxf5 37.exf5+ Rxf5 38.Td6 e4 39.fxe4+ Re5 40.Tg6 
Fxe4 41.Txg5+ Ff5 42.Cxb5 Th4 43.Cd6 Txh3+ 44.Re2 Th2+ 45.Rd1 Rxd6 46.Txf5
Txb2 47.Txa5 Rc6 48.Rc1 Rb6 49.Rxb2 Rxa5 50.Rb3 Ra6 51.Rb4 Ra7 52.Rb5 Rb8 
53.Rb6 Ra8 54.a4 Rb8 55.a5 Ra8 56.a6 Rb8 57.a7+ Ra8 1/2-1/2

[Event "Politicen Cup"]
[Site "Copenhagen DEN"]
[Date "1991.??.??"]
[Round "?"]
[White "Topalov, Veselin"]
[Black "Jensen, Jacob Bjerre"]
[Result "1-0"]
[WhiteElo "2455"]
[BlackElo "2320"]

1.e4 c6 2.d4 d5 3.Cd2 dxe4 4.Cxe4 Cf6 5.Cxf6+ gxf6 6.c3 Ff5 7.Fc4 e6 8.Df3
Tg8 9.Ff4 Cd7 10.h3 Cb6 11.Fb3 Cd5 12.Fg3 a5 13.Ce2 a4 14.Fc4 Fd6 15.Fxd6 
Dxd6 16.Cg3 Fg6 17.O-O Cf4 18.Tfe1 Ta5 19.Ff1 Rf8 20.Tad1 Fh5 21.Cxh5 Txh5
22.Rh1 Thg5 23.g3 Ch5 24.g4 f5 25.Te5 fxg4 26.hxg4 Txg4 27.Fh3 T4g5 28.
Fxe6 De7 29.Fh3 Txe5 30.dxe5 Dxe5 31.Td8+ 1-0

[Event "Politicen Cup"]
[Site "Copenhagen DEN"]
[Date "1991.??.??"]
[Round "?"]
[White "Topalov, Veselin"]
[Black "Fries-Nielsen, Jens Ove"]
[Result "1/2-1/2"]
[WhiteElo "2455"]
[BlackElo "2415"]

1.e4 e6 2.d4 d5 3.Cd2 c5 4.exd5 exd5 5.Cgf3 Cf6 6.Fb5+ Fd7 7.Fxd7+ Cbxd7 
8.O-O Fe7 9.dxc5 Cxc5 10.Cb3 Cce4 11.Cfd4 Dd7 12.Df3 g6 13.Fh6 Cg4 14.Ff4 
O-O 15.h3 Cgf6 16.c3 Tfe8 17.Tfc1 Fd8 18.Cc2 Fb6 19.Cbd4 Te7 20.Ce3 Tae8 
21.Cg4 Cxg4 22.hxg4 Dc8 23.g3 a6 24.Rg2 Dc5 25.Fe3 Dc7 26.Th1 f6 27.Tad1 
Td7 28.The1 Dd8 29.Cc2 Fc7 30.Td3 De7 31.Ted1 Ted8 32.Cb4 De6 33.c4 d4 34.
Txd4 Txd4 35.Txd4 Txd4 36.Fxd4 Fd8 37.Cd5 Rf7 38.b3 Cg5 39.Df4 De4+ 40.
Dxe4 Cxe4 41.f3 Cg5 42.a4 Ce6 43.Fe3 Re8 44.b4 Rd7 45.f4 Rd6 46.Cc3 Rd7 
47.Rf3 f5 48.gxf5 gxf5 49.Re2 a5 50.b5 Rd6 51.Rd3 h5 52.Fc1 Fb6 53.Fa3+ 
Fc5 54.Fxc5+ Cxc5+ 55.Rc2 Re6 56.Rd2 Rd6 1/2-1/2

[Event "Politicen Cup"]
[Site "Copenhagen DEN"]
[Date "1991.??.??"]
[Round "?"]
[White "Topalov, Veselin"]
[Black "Christensen, Tobias"]
[Result "1/2-1/2"]
[WhiteElo "2455"]
[BlackElo "2300"]

1.d4 d5 2.c4 dxc4 3.e3 e5 4.Fxc4 exd4 5.exd4 Cf6 6.Cf3 Fe7 7.O-O O-O 8.Cc3
Cc6 9.h3 Ff5 10.a3 Ce4 11.Cd5 Fd6 12.Te1 Te8 13.b4 Dd7 14.Ce3 Fg6 15.Fb2 
Ff4 16.Db3 Fh5 17.Cg4 Cd2 18.Cxd2 Fxd2 19.Txe8+ Txe8 20.d5 Ce7 21.Fxg7 
Fxg4 22.hxg4 Dxg4 23.Fb2 Cf5 24.Ff1 Ff4 25.Dc3 Fe5 26.Dd2 Fxb2 27.Dxb2 Cd4
28.Dc3 Dg7 29.Tc1 Te1 30.Txe1 Ce2+ 31.Txe2 Dxc3 32.Te3 Dd2 33.Td3 Dc1 34.
g3 Rf8 35.Te3 Dd2 36.Fg2 Dd1+ 37.Rh2 Dh5+ 1/2-1/2

[Event "Politicen Cup"]
[Site "Copenhagen DEN"]
[Date "1991.??.??"]
[Round "?"]
[White "Poley, Vladimir"]
[Black "Topalov, Veselin"]
[Result "0-1"]
[WhiteElo "2445"]
[BlackElo "2455"]

1.Cf3 f5 2.b4 d6 3.Fb2 e5 4.e3 Cf6 5.c4 Cc6 6.b5 Ce7 7.Fe2 g6 8.Cc3 Fg7 9.
Db3 h6 10.c5 Ce4 11.cxd6 cxd6 12.d4 Cxc3 13.Fxc3 e4 14.Cd2 d5 15.f3 exf3 
16.Fxf3 O-O 17.O-O Rh7 18.g3 Fe6 19.Tac1 Cg8 20.Tc2 Cf6 21.Tfc1 Tf7 22.Fb4
De8 23.a4 Td8 24.Da3 g5 25.Fd6 Tfd7 26.Fc7 Tc8 27.a5 Ce4 28.Cxe4 fxe4 29.
Fe2 Fh3 30.Db3 De6 31.b6 Tf8 32.Db4 a6 33.De1 Tdf7 34.g4 Fxg4 35.Fxa6 bxa6
36.h3 Fxh3 37.Rh2 Ff1 38.Dg3 Tf3 39.Txf1 Txg3 40.Fxg3 Txf1 41.b7 Dg4 0-1

[Event "Politicen Cup"]
[Site "Copenhagen DEN"]
[Date "1991.??.??"]
[Round "?"]
[White "Kristensen, Jorgen Juul"]
[Black "Topalov, Veselin"]
[Result "1/2-1/2"]
[WhiteElo "2290"]
[BlackElo "2455"]

1.e4 c5 2.Cf3 d6 3.d4 cxd4 4.Cxd4 Cf6 5.Cc3 a6 6.a4 Cc6 7.Fe2 e5 8.Cb3 Fe7
9.O-O O-O 10.Fe3 Fe6 11.Dd2 Tc8 12.a5 Cb4 13.Tfc1 d5 14.exd5 Cfxd5 15.Cxd5
Cxd5 16.Td1 De8 17.Fa7 f5 18.Ff3 Cb4 19.Cc5 Txc5 20.Dxb4 Txc2 21.Dxb7 e4 
22.Fe2 Ff6 23.Dxa6 f4 24.Fb5 Df7 25.Tac1 Txc1 26.Txc1 Ta8 27.Dd6 Fe7 28.
Dd4 Ff6 29.Dd6 Fxb2 30.Tc7 Df5 31.Fd4 Fxd4 32.Dxd4 Dg6 33.Fc4 Te8 34.a6 e3
35.Fxe6+ Txe6 36.Tc8+ Rf7 37.Dxf4+ Df6 38.Tc7+ Rg6 39.Dg4+ Rh6 40.Dh3+ Rg6
41.Dg3+ Rh6 42.Dh3+ Rg6 43.Dg3+ 1/2-1/2

[Event "Politicen Cup"]
[Site "Copenhagen DEN"]
[Date "1991.??.??"]
[Round "?"]
[White "Luther, Thomas"]
[Black "Topalov, Veselin"]
[Result "1/2-1/2"]
[WhiteElo "2470"]
[BlackElo "2455"]

1.e4 e5 2.Cf3 Cc6 3.Fb5 a6 4.Fa4 Cf6 5.O-O b5 6.Fb3 Fb7 7.c3 Cxe4 8.d4 Ca5
9.Fc2 exd4 10.b4 Cc4 11.Fxe4 Fxe4 12.Te1 d5 13.Cxd4 c5 14.bxc5 Fxc5 15.f3 
O-O 16.fxe4 dxe4 17.Txe4 Dd5 18.Df3 b4 19.Cd2 Ce5 20.Df5 Tae8 21.Fb2 g6 
22.Df2 f5 23.Txe5 1/2-1/2